Online
Catalog

Christopher Columbus and the bank of Saint George (ufficio di San Giorgio in Genoa). : (Record no. 34120)

MARC details
000 -CABECERA
campo de control de longitud fija 00517nam a2200145 a 4500
001 - NÚMERO DE CONTROL
campo de control 000034629
005 - FECHA Y HORA DE LA ÚLTIMA TRANSACCIÓN
campo de control 20200930073815.0
008 - DATOS DE LONGITUD FIJA--INFORMACIÓN GENERAL
campo de control de longitud fija 111011s1888 xxua 000 0 eng d
040 ## - FUENTE DE LA CATALOGACIÓN
Centro catalogador/agencia de origen DO-SdBNP
Lengua de catalogación spa
Centro/agencia transcriptor BNPHU
082 ## - NÚMERO DE LA CLASIFICACIÓN DECIMAL DEWEY
Número de clasificación xxxx
Número de documento/Ítem H323c
100 1# - ENTRADA PRINCIPAL--NOMBRE DE PERSONA
Nombre de persona Harrisse, Henry
9 (RLIN) 60065
245 10 - MENCIÓN DE TÍTULO
Título Christopher Columbus and the bank of Saint George (ufficio di San Giorgio in Genoa). :
Resto del título two letters addressed to Samuel L. M. Barlow, Esquire.
260 ## - PUBLICACIÓN, DISTRIBUCIÓN, ETC.
Lugar de publicación, distribución, etc. New York, :
Nombre del editor, distribuidor, etc. Privately printed,
Fecha de publicación, distribución, etc. 1888.
300 ## - DESCRIPCIÓN FÍSICA
Extensión 126 p. :
Otras características físicas il. ;
Dimensiones 33 cm.
Holdings
Estado de retiro Estado de pérdida Restricciones de uso No para préstamo Código de colección Localización permanente Ubicación/localización actual Ubicación en estantería Fecha de adquisición Número de inventario Total de préstamos Signatura topográfica completa Código de barras Fecha visto por última vez Precio válido a partir de Tipo de ítem Koha
      Excluido de préstamo Raros y valiosos General General En catalogación 11.10.2011 LF1   xxxx H323c 34629-10 25.06.2020 25.06.2020 No se presta

Powered by Koha